The complete guide to electronic games

Na minha lista:
Detalhes bibliográficos
Autor principal: Blumenthal, Howard J.
Formato: Livro
Idioma:Undetermined
Publicado em: London Sphere Books Limited 1981
Assuntos:
Tags: Adicionar Tag
Sem tags, seja o primeiro a adicionar uma tag!
Thư viện lưu trữ: Trung tâm Học liệu Trường Đại học Cần Thơ
LEADER 00503nam a2200181Ia 4500
001 CTU_82692
008 210402s9999 xx 000 0 und d
082 |a 794.19 
082 |b B658 
100 |a Blumenthal, Howard J. 
245 4 |a The complete guide to electronic games 
245 0 |c Howard J. Blumenthal 
260 |a London 
260 |b Sphere Books Limited 
260 |c 1981 
650 |a Electronic games 
904 |i QHieu(sửa) 
980 |a Trung tâm Học liệu Trường Đại học Cần Thơ